Indian Economy

Sparad:
Bibliografiska uppgifter
Huvudupphov: Datt & Sundharam
Materialtyp: Bok
Utgiven: S. Chand
Ämnen:
Taggar: Lägg till en tagg
Inga taggar, Lägg till första taggen!

MARC

LEADER 00000nam a2200000Ia 4500
005 20260427112728.0
526 |b Economics 
100 |a Datt & Sundharam 
020 |a 9789358704815 
650 |a Indian Economy 
526 |a Bachelors 
942 |c BK 
245 |a Indian Economy 
260 |b S. Chand 
999 |c 124  |d 124 
952 |0 0  |1 0  |4 0  |7 0  |8 1  |a BRISTOL  |b BRISTOL  |d 2026-04-22  |l 0  |p 000008  |r 2026-04-27 11:27:29  |w 2026-04-27  |y BK